MARC

LEADER 00000nam0a2200000 4500
001 261099
005 20231101233532.0
010 |a 5229000287 
035 |a (RuTPU)RU\TPU\book\284072 
090 |a 261099 
100 |a 20140521d1988 km y0rusy50 ca 
101 0 |a rus 
102 |a RU 
105 |a y z 001zy 
200 1 |a Совершенствование условий хозяйствования на предприятиях цветной металлургии  |f В. А. Репнев 
210 |a Москва  |c Металлургия  |d 1988 
215 |a 72 с. 
225 1 |a Библиотечка рабочего-металлурга. Основы экономических знаний 
320 |a Библиогр.: с. 72. 
606 1 |a Цветная металлургическая промышленность  |x Предприятия  |x Хозяйственный расчет  |2 stltpush  |3 (RuTPU)RU\TPU\subj\17743  |9 43314 
610 1 |a хозяйственный механизм 
610 1 |a хозяйствование 
610 1 |a самофинансирование 
610 1 |a экономика 
610 1 |a перестройка 
675 |a 669.2:658  |v 3 
700 1 |a Репнев  |b В. А.  |g Виктор Александрович 
801 1 |a RU  |b 63413507  |c 20140521 
801 2 |a RU  |b 63413507  |c 20150323  |g RCR 
942 |c BK